Score 0/90 Timer 15:00
1 Play Today
Day - Network Show % Correct
Wednesday - CBSCSI: Crime Scene Investigation
64.3%
Wednesday - ABCModern Family
63.4%
Monday - CBSHow I Met Your Mother
60.8%
Monday - CBSTwo and a Half Men
60.6%
Thursday - CBSThe Big Bang Theory
60.2%
Monday - ABCDancing with the Stars
59.7%
Tuesday - ABCDancing with the Stars (results)
59.7%
Thursday - NBCThe Office
58.5%
Sunday - FOXThe Simpsons
53.2%
Tuesday - CBSNCIS (returning)
52.4%
Wednesday - FOXTHE X FACTOR (performance)
51.8%
Thursday - FOXTHE X FACTOR (results)
51.8%
Tuesday - FOXGlee
51.7%
Sunday - FOXFamily Guy
51.5%
Wednesday - NBCLaw & Order: SVU
50.7%
Thursday - NBCParks and Recreation
50.4%
Sunday - CBSCSI: Miami
47.8%
Sunday - NBCNBC Sunday Night Football
45%
Thursday - ABCGrey's Anatomy
45%
Wednesday - CBSSurvivor
44.9%
Tuesday - FOXNEW GIRL
43.5%
Thursday - NBCCommunity
43.4%
Friday - CBSCSI: New York
43.2%
Monday - FOXHouse
41.4%
Monday - CWGossip Girl
41.2%
Sunday - FOXAmerican Dad
38.6%
Monday - CBS2 BROKE GIRLS
38.6%
Sunday - ABCDesperate Housewives
37.2%
Thursday - CWThe Vampire Diaries
36.5%
Sunday - CBS60 Minutes
36.2%
Day - Network Show % Correct
Monday - CBSMike & Molly
35.4%
Thursday - FOXBones
35.1%
Wednesday - ABCThe Middle
35.1%
Tuesday - CBSNCIS: Los Angeles
34.8%
Sunday - FOXThe OT (football)
34.5%
Sunday - NBCFootball Night in America
33.7%
Sunday - CBSThe Amazing Race
33.3%
Tuesday - NBCThe Biggest Loser
32.9%
Wednesday - CBSCriminal Minds
32.1%
Tuesday - FOXRaising Hope
31.1%
Sunday - FOXThe Cleveland Show
31%
Monday - ABCCastle
30.6%
Monday - CBSHawaii Five-O
30%
Sunday - CBSThe Good Wife
29%
Wednesday - ABCREVENGE
28.8%
Tuesday - CW90210
28.8%
Thursday - NBCWHITNEY
28.1%
Friday - CWSupernatural
27.9%
Wednesday - NBCUP ALL NIGHT
27.2%
Friday - FOXFringe
27.2%
Thursday - CBSThe Mentalist
26.8%
Thursday - ABCPrivate Practice
26.5%
Friday - NBCDateline NBC
25.1%
Tuesday - NBCParenthood
23.6%
Friday - ABC20 / 20
23.4%
Tuesday - CWRINGER
22.5%
Wednesday - CWAmerica's Next Top Model
22.3%
Monday - NBCThe Sing-Off
22.2%
Sunday - ABCPAN AM
21.6%
Monday - NBCTHE PLAYBOY CLUB
20.8%
Day - Network Show % Correct
Friday - ABCExtreme Makeover: Home Edition
19.8%
Friday - CBSBlue Bloods
19.4%
Thursday - CBSPERSON OF INTEREST
19.3%
Monday - FOXTERRA NOVA
19.1%
Friday - NBCChuck
18.5%
Tuesday - CBSUNFORGETTABLE
16.8%
Thursday - ABCCHARLIE'S ANGELS
16.8%
Thursday - CWTHE SECRET CIRCLE
16.6%
Wednesday - ABCHappy Endings
16.3%
Sunday - ABCONCE UPON A TIME
16.1%
Wednesday - NBCHarry's Law
15.8%
Monday - CWHART OF DIXIE
15.7%
Saturday - CBSRules of Engagement
15.7%
Friday - CWNikita
14.6%
Thursday - NBCPRIME SUSPECT
14.3%
Wednesday - NBCFREE AGENTS
14%
Friday - NBCGRIMM
13.8%
Wednesday - ABCSUBURGATORY
13.5%
Tuesday - ABCBody of Proof
13.3%
Wednesday - CWH8R
11.4%
Tuesday - ABCLAST MAN STANDING
10.7%
Friday - FOXKitchen Nightmares
10.4%
Sunday - ABCAmerica's Funniest Home Videos
10.1%
Saturday - CBS48 Hours Mystery
10%
Friday - CBSA GIFTED MAN
9.2%
Thursday - CBSHOW TO BE A GENTLEMAN
8.1%
Friday - ABCShark Tank
8%
Tuesday - ABCMAN UP
7.4%
Wednesday - FOXI HATE MY TEENAGE DAUGHTER
7%
Sunday - FOXALLEN GREGORY
6.7%
Remove Ads.
Support Sporcle.
Get the best of Sporcle when you Go Orange. This ad-free experience offers more features, more stats, and more fun while also helping to support Sporcle. Thank you for becoming a member.

You're not logged in!

Compare scores with friends on all Sporcle quizzes.
OR
Log In

Show Comments

Extras

Top Quizzes Today


Score Distribution

Your Account Isn't Verified!

In order to create a playlist on Sporcle, you need to verify the email address you used during registration. Go to your Sporcle Settings to finish the process.

Report this User

Report this user for behavior that violates our Community Guidelines.

Details: